New York by night (Record no. 14684)

MARC details
000 - LÍDER
campo de control de longitud fija 00838nam a2200217Ia 4500
008 - ELEMENTOS DE DATOS DE LONGITUD FIJA - INFORMACIÓN GENERAL
campo de control de longitud fija 0000002012 usad 0000000000eng00
020 ## - INTERNATIONAL STANDARD BOOK NUMBER
International Standard Book Number 9780897974400
090 ## - NÚMERO DE LLAMADA DE TIPO LC LOCALMENTE ASIGNADO (OCLC)
Número de clasificación (OCLC) (R) PUS00 E77n
100 1# - ENTRADA PRINCIPAL - NOMBRE PERSONAL
Nombre de la persona Estes, Richard
Fechas asociadas a un nombre 1932
245 10 - TÍTULO DECLARACIÓN
Título New York by night
Declaración de responsabilidad / Richard Estes ; photography Bill Orcutt
260 ## - PUBLICACIÓN, DISTRIBUCIÓN
Lugar de publicación New York : Marlborough
Fecha de publicación 2012
300 ## - DESCRIPCIÓN FÍSICA
Alcance 32 p.
Dimensiones / 25 cm.
500 ## - NOTA GENERAL
Nota general Exposición realizada en Marlborough Galería de Nueva York entre el 20 de septiembre y el 20 de octubre de 2012
600 00 - ENTRADA DE SUJETO AÑADIDO - NOMBRE PERSONAL
Nombre de la persona ESTES, RICHARD, 1932/
Subdivisión general TRABAJOS PICTORICOS
650 14 - ENTRADA DE SUJETO AÑADIDO - TÉRMINO TÓPICO
Término tópico o elemento de entrada del nombre geográfico ARTE CONTEMPORANEO ESTADOUNIDENSE
650 14 - ENTRADA DE SUJETO AÑADIDO - TÉRMINO TÓPICO
Subdivisión general CATALOGOS
650 14 - ENTRADA DE SUJETO AÑADIDO - TÉRMINO TÓPICO
Subdivisión general EXPOSICIONES
650 14 - ENTRADA DE SUJETO AÑADIDO - TÉRMINO TÓPICO
Término tópico o elemento de entrada del nombre geográfico PINTORES ESTADOUNIDENSES
650 14 - ENTRADA DE SUJETO AÑADIDO - TÉRMINO TÓPICO
Término tópico o elemento de entrada del nombre geográfico PINTURA ESTADOUNIDENSE
651 ## - ENTRADA DE SUJETO AÑADIDO - NOMBRE GEOGRÁFICO
Nombre geográfico 5. NEW YORK (ESTADOS UNIDOS) EN LA PINTURA/
Subdivisión general EXPOSICIONES/
-- CATALOGOS
Holdings
Estado de retirada Pérdida de estatus Estado dañado No para préstamo Código de recogida Ubicación permanente Ubicación actual Ubicación de las estanterías Fecha de adquisición Número de llamada completo Código de barras Fecha de la última vez que se vio Número de copia Precio efectivo desde Tipo de artículo Koha
        General ArtNexus ArtNexus General 06/09/2022 P-US-00 E77N 14923 06/09/2022 Ej.1 06/09/2022 Libro

Powered by Koha